UK Towns Quiz - Norfolk - Extreme - Statistics

General Stats
  • This quiz has been taken 223 times
  • The average score is 32 of 107
Answer Stats
Clue Population Name of Town % Correct
N 200,752 Norwich
98%
K 47,610 Kings Lynn
95%
G 28,982 Great Yarmouth
88%
C 7,524 Cromer
85%
T 25,492 Thetford
73%
S 7,093 Sheringham
70%
D 9,599 Diss
66%
H 4,228 Hunstanton
66%
W 16,335 Wymondham
65%
D 20,785 Dereham
64%
H 4,015 Holt
63%
F 8,385 Fakenham
61%
N 12,829 North Walsham
59%
W 2,147 Wells
57%
S 8,434 Swaffham
55%
A 11,232 Attleborough
54%
A 7,184 Aylsham
52%
D 11,342 Downham Market
52%
G 24,481 Gorleston-on-sea
52%
A 2,265 Acle
48%
C 9,095 Caister-on-sea
48%
W 11,543 Watton
45%
T 14,989 Taverham
41%
H 5,721 Hemsby
38%
M 2,782 Mundesley
38%
B 4,388 Brundall
37%
H 3,618 Hoveton
37%
H 7,021 Hethersett
33%
L 2,246 Loddon
33%
L 5,215 long Stratton
32%
P 7,104 Poringland
31%
R 2,312 Reepham
31%
T 1,174 Thorpe
29%
S 2,710 Snettisham
28%
B 2,672 Blofield
27%
B 1,429 Blofield Heath
27%
C 2,610 Costessey
27%
C 4,685 Cringleford
27%
D 4,755 Dersingham
27%
H 5,075 Harleston
27%
H 3,978 Heacham
27%
L 1,050 Little Melton
27%
O 1,000 Overstrand
27%
S 3,380 Stalham
27%
R 1,462 Runton
26%
H 4,395 Horsford
25%
S 3,421 Spixworth
24%
E 2,489 East Harling
23%
G 1,521 Gayton
23%
L 2,368 Lingwood
23%
M 3,806 Mulbarton
23%
B 11,628 Bradwell
22%
C 1,114 Cawston
22%
H 2,304 Hingham
22%
M 2,606 Marham
22%
M 3,637 Martham
22%
H 2,573 Hopton-on-sea
21%
O 2,743 Ormesby
21%
R 1,761 Rackheath
21%
S 1,429 Salhouse
21%
B 3,601 Belton
20%
D 1,997 Ditchingham
20%
E 1,436 Easton
20%
M 2,201 Mattishall
20%
N 1,418 Newton Flotman
20%
S 2,173 Swanton Morley
20%
T 2,790 Terrington
20%
C 1,052 Chedgrave
19%
H 1,037 Hevingham
19%
Q 4,463 Queens Hill
19%
S 1,023 Sutton
19%
W 2,594 Watlington
19%
F 2,919 Feltwell
18%
L 1,916 Little Plumstead
18%
N 1,360 Narborough
18%
S 1,192 Stoke Ferry
18%
S 1,236 Stoke Holy Croos
18%
F 1,028 Foulsham
17%
H 1,051 Horsham St Faith
17%
M 1,045 Methwold
17%
S 2,460 Shipdham
17%
W 1,576 Walpole
17%
A 1,252 Ashill
16%
B 1,982 Briston
16%
D 1,166 Dickleburgh
16%
F 1,053 Freethorpe
16%
M 1,180 Melton Constable
16%
N 1,172 North Elmham
16%
R 1,115 Roydon
16%
S 1,037 Scole
16%
S 1,257 Southery
16%
U 3,666 Upwell
16%
W 1,880 Weeting
16%
E 4,558 Elm
15%
H 1,304 Hockwold
15%
T 1,145 Thurlton
15%
T 1,504 Tilney
15%
M 1,021 Marshland
14%
M 1,564 Mundford
14%
N 1,742 Necton
14%
W 2,825 Winch
14%
C 2,018 Clenchwarton
13%
C 2,254 Coltshall
13%
S 1,287 Saham
11%
B 1,007 Besthorpe
10%
G 1,364 Griston
9%
B 1,489 Badersfield
5%
No matching quizzes found
Score Distribution
Percent of People with Each Score
Percentile by Number Answered
Your Score History
You have not taken this quiz